[Event "GCT Warsaw 2024"]
[Site "Warsaw, Poland"]
[Date "2024.05.09"]
[Round "8.5"]
[White "Keymer, Vincent"]
[Black "Carlsen, Magnus"]
[Result "0-1"]
[WhiteElo "2647"]
[BlackElo "2828"]
[PlyCount "66"]
[EventDate "2024.??.??"]

1. Nf3 {Ribli,Z} Nf6 2. c4 e6 3. b3 d5 4. Bb2 Bd6 5. g3 O-O 6. Bg2 Re8 ({RR} 6... b6 7. O-O Bb7 8. Nc3 a6 ({RR} 8... Nbd7) 9. d4 Nbd7 10. Qc2 Qe7 ({RR} 10... Ne4 11. Nxe4 dxe4 12. Ne5 f5 13. Rad1 Qe7) 11. Rad1 Ne4 12. e3 f5 ({RR} 12... Nxc3) 13. Ne2 ({RR} 13. Ne1) 13... dxc4 ({RR} 13... c5) 14. bxc4 Ng5 ({RR} 14... c5 15. Ne5 Rad8 16. Nf4) 15. Nxg5 Bxg2 16. Kxg2 Qxg5 17. Nf4 ({RR} 17. e4 f4 18. f3) 17... Qe7 18. Rfe1 Qf7 19. Nd3 ({RR} 19. d5 Bxf4 ({RR} 19... e5 20. Ne6 Rfe8 21. e4) 20. exf4 Rfe8) 19... c5 20. Qa4 ({RR} 20. f4) 20... b5 21. Qa5 {Gulko,B (2635)-Sveshnikov,E (2570) Biel 1993 CBM 037 [Ribli,Z] ½-½ (51)} ({RR} 21. cxb5 Nb6) ({RR} 21. Qc2 Rfc8 22. dxc5 Nxc5 23. Nxc5 Bxc5 24. cxb5 Bb4) {RR} 21... bxc4 22. dxc5 cxd3 23. cxd6) ({RR} 6... dxc4 7. bxc4 c5 8. O-O Nc6 9. d3 Rb8 10. Nc3 a6 11. a4 b6 12. e3 Bb7 13. Qe2 Qc7 14. Ne1 Na7 15. f4 Bxg2 16. Nxg2 Rfd8 17. g4 Be7 18. g5 Ne8 19. Ne4 Nc6 20. h4 b5 21. axb5 {Puranik,A (2580)-Xu,Y (2555) Tornelo INT 2021 1-0 (60)}) 7. d4 ({RR} 7. Nc3 dxc4 8. bxc4 e5 9. Ng5 h6 10. Nge4 Nxe4 11. Nxe4 Bf8 12. O-O Nd7 13. e3 c6 14. d3 Nc5 15. Nxc5 Bxc5 16. Qb3 Qc7 17. Kh1 Bf5 18. Qc3 Rad8 19. Rad1 Qd7 20. Rd2 Qd6 21. Qb3 Bxd3 {Keymer,V (2690)-Moussard,J (2654) Biel SUI 2023 ½-½ (36)}) 7... b6 $146 ({RR} 7... c5 8. cxd5 Nxd5 9. e4 Qa5+ 10. Nfd2 Nb4 11. O-O cxd4 12. Nc4 Qc7 13. Nba3 Bc5 14. Nb5 Qe7 15. a3 N4c6 16. e5 a6 17. Nbd6 b5 18. Na5 Nxe5 19. Nxc8 Rxc8 20. Bxa8 Bb6 21. f4 d3+ 22. Kh1 {Boyd,S (2311)-Beaurain,J (2098) France 2007 1-0 (41)}) 8. O-O Bb7 9. Nc3 dxc4 $146 ({RR} 9... Nbd7 10. Qc2 c5 11. cxd5 exd5 12. Rad1 g6 13. dxc5 bxc5 14. Nd2 Qb6 15. Nxd5 Bxd5 16. Bxd5 Nxd5 17. Nc4 Qc6 18. Na5 Qa6 19. Rxd5 Rxe2 20. Rxd6 Rxc2 21. Rxa6 Rxb2 22. Nc4 Re2 23. Rd1 Nf8 24. Ne3 {Donchenko,A (2626)-Lagarde,M (2595) Walbrzych POL 2024 ½-½ (74)}) ({RR} 9... a6 10. Nd2 c5 11. dxc5 Bxc5 12. Rc1 Nbd7 13. cxd5 exd5 14. Nf3 b5 15. e3 Qb6 16. Nd4 Ne5 17. Nce2 b4 18. Nf4 Rac8 19. Rc2 g6 20. Bh3 Rcd8 21. Nd3 Nxd3 22. Qxd3 Ne4 23. Rfc1 a5 24. Bf1 {Quesada Perez,L (2535)-Montes Orozco,M (2294) Mexico City MEX 2025 1-0 (35)}) 10. bxc4 Nbd7 11. Qc2 c5 12. d5 exd5 13. cxd5 a6 14. a4 Rb8 15. Nd2 Be5 16. e4 b5 17. axb5 axb5 18. Nxb5 Bxd5 19. Bxe5 Nxe5 20. exd5 Rxb5 21. Rfe1 c4 22. Rad1 g6 23. Ne4 Nxe4 24. Rxe4 Qb6 25. Re2 f6 26. h3 Kg7 27. Kh2 c3 28. Qa4 Nf3+ 29. Bxf3 Rxe2 30. Bxe2 Qxf2+ 31. Kh1 Qxe2 32. Qa7+ Kh6 33. Qd4 Qf3+ 0-1

[Event "FIDE World Cup"]
[Site "Krasnaya Polyana"]
[Date "2021.07.18"]
[Round "3.1"]
[White "Carlsen, Magnus"]
[Black "Tari, Aryan"]
[Result "1-0"]
[WhiteElo "2847"]
[BlackElo "2639"]
[PlyCount "79"]
[EventDate "2021.07.12"]
[EventType "k.o."]
[EventRounds "8"]
[EventCountry "RUS"]
[SourceTitle "CBM 203"]
[Source "ChessBase"]
[SourceDate "2021.08.31"]
[SourceVersion "1"]
[SourceVersionDate "2021.08.31"]
[SourceQuality "1"]

1. c4 e6 2. g3 d5 3. Bg2 dxc4 4. Qa4+ c6 5. Qxc4 c5 6. b3 Nf6 7. Bb2 Be7 8. Nf3 Nc6 9. O-O O-O 10. Ne5 $146 ({RR} 10. d4 cxd4 11. Nxd4 Bd7 12. Nxc6 Bxc6 13. Bxc6 Rc8 14. Qb5 Rxc6 15. Qxb7 Rc2 16. Ba3 Bxa3 17. Nxa3 Rxe2 18. Qxa7 Qd5 19. Nc4 h5 20. Rfe1 Rxe1+ 21. Rxe1 Ra8 22. Qc7 Rxa2 23. Ne5 Qxb3 24. Qxf7+ Kh7 {Holtel,J (2344)-Matthes,A (2204) Germany GER 2025 1-0}) 10... Nxe5 11. Bxe5 Nd7 12. Bb2 Rb8 13. Nc3 Bf6 14. Rab1 b6 15. b4 Bb7 16. Bxb7 Rxb7 17. bxc5 Nxc5 18. Ba3 Rc7 19. Rfd1 Re8 20. Nb5 Rd7 21. Bxc5 bxc5 22. Qa4 Qa8 23. d3 h5 24. Rdc1 Rc8 25. Na3 Rd4 26. Nc4 h4 27. Qb5 Qd5 28. Qb7 Rd8 29. Qxd5 exd5 30. Ne3 Ra4 31. Rc2 h3 32. Kf1 Bd4 33. Nf5 Bf6 34. Ne3 Bd4 35. Nf5 Bf6 36. Rxc5 Rxa2 37. Ne3 a5 38. Nxd5 Bd4 39. Rcb5 a4 40. Ne7+ 1-0

[Event "Arctic Chess Challenge"]
[Site "Tromsoe"]
[Date "2007.08.10"]
[Round "7"]
[White "Burmakin, Vladimir"]
[Black "Carlsen, Magnus"]
[Result "0-1"]
[WhiteElo "2581"]
[BlackElo "2710"]
[PlyCount "99"]
[EventDate "2007.08.04"]
[EventType "swiss"]
[EventRounds "9"]
[EventCountry "NOR"]
[SourceTitle "CBM 119 Extra"]
[Source "ChessBase"]
[SourceDate "2007.09.04"]
[SourceVersion "1"]
[SourceVersionDate "2007.09.04"]
[SourceQuality "1"]

1. Nf3 Nf6 2. c4 e6 3. g3 d5 4. b3 d4 5. Bg2 Nc6 6. O-O e5 7. d3 a5 8. e3 Be7 9. exd4 exd4 10. Na3 O-O 11. Nc2 Bf5 12. Re1 $146 ({RR} 12. a3 Bc5 13. Re1 Re8 14. Rxe8+ Qxe8 15. Bb2 Qd7 16. Qd2 Qd6 17. Re1 h6 18. h3 Bh7 19. Bf1 Rb8 20. b4 axb4 21. axb4 Bxb4 22. Nxb4 Qxb4 23. Qxb4 Nxb4 24. Bxd4 Nxd3 25. Re3 Nb4 26. Rb3 Nc6 {Castillo Dalmau,A (2221)-Sanchez,S (2425) Sabadell 2019 0-1 (59)}) ({RR} 12. Bb2 Bc5 13. a3 Bg6 14. Qd2 Qd6 15. Nh4 Rfd8 16. Nxg6 hxg6 17. Rab1 Rab8 18. Bc1 Qd7 19. b4 axb4 20. axb4 Be7 21. Re1 Nh7 22. b5 Na7 23. Bb2 c5 24. bxc6 Nxc6 25. Ba3 Bxa3 26. Nxa3 Re8 {Antonica,D (2329)-Prraneeth,V (2485) Arad ROU 2023 ½-½ (75)}) 12... Qd7 13. Bb2 Bc5 14. Ne5 Nxe5 15. Rxe5 Bd6 16. Re1 c5 17. Na3 Rae8 18. Qd2 b6 19. Nb5 Bb8 20. a3 Ng4 21. h3 Ne5 22. g4 Bg6 23. f4 Nxd3 24. Rxe8 Rxe8 25. f5 Bxf5 26. gxf5 Qxf5 27. Rd1 Re3 28. Nxd4 cxd4 29. Bxd4 Rg3 30. Bf2 Rxh3 31. Bxh3 Qxh3 32. Bxb6 Bh2+ 33. Qxh2 Qg4+ 34. Kh1 Qxd1+ 35. Bg1 h6 36. Qg2 Qe1 37. Qa8+ Kh7 38. Qf3 Ne5 39. Qf4 Ng6 40. Qe3 Qf1 41. Kh2 f5 42. Bf2 a4 43. bxa4 Qxc4 44. a5 Qc7+ 45. Kg1 Qxa5 46. Qa7 Qd2 47. a4 Nf4 48. Qc5 Qd1+ 49. Kh2 Qg4 50. Bd4 0-1

[Event "ESP-chT"]
[Site "Sanxenxo"]
[Date "2004.11.23"]
[Round "6"]
[White "Graf, Alexander"]
[Black "Carlsen, Magnus"]
[Result "1-0"]
[WhiteElo "2646"]
[BlackElo "2581"]
[Annotator "Ribli,Zoltan"]
[PlyCount "57"]
[EventDate "2004.11.18"]
[EventType "team"]
[EventRounds "9"]
[EventCountry "ESP"]
[SourceTitle "CBM 105"]
[Source "ChessBase"]
[SourceDate "2005.04.11"]
[SourceVersion "1"]
[SourceVersionDate "2005.04.11"]
[SourceQuality "1"]

1. Nf3 Nf6 2. c4 e6 3. g3 d5 4. b3 d4 {Der junge norwegische Spieler spielt gern diese ambitionöse Fortsetzung. Der Zug führt zu scharfem Spiel, die ruhige Alternative ist 4...e7, wonach Schwarz im Folgenden mit b6-b7 die Entwicklung des Damenflügels fortsetzen kann.} 5. Bg2 Nc6 (5... c5 $5 6. O-O Nc6) 6. O-O Be7 7. d3 O-O 8. Na3 {[%cal Ga3c2,Ge2e3]} ({RR} 8. e3 e5 9. exd4 exd4 10. Na3 Nd7 11. Nc2 Nc5 12. b4 Ne6 13. Rb1 a5 14. a3 Bf6 15. Re1 Ne7 16. Nd2 Nf5 17. Bb2 c6 18. Ne4 Be7 19. Bh3 g6 20. Bg2 Ra7 21. Nd2 Bf6 22. Ne4 Bg7 {Frayna,J (2286)-Ervan,M (2383) Bandung INA 2025 1-0 (44)}) 8... e5 9. Nc2 {Wir haben eine ähnliche Stellung, wie in der Benoni-Verteidigung. Schwarz hat Raumvorteil im Zentrum, aber Weiß kann die Stellung mit e2-e3 sprengen.} a5 (9... Re8 $5) 10. e3 $5 (10. Bb2 Re8 11. Qd2 Bc5 12. a3 Qe7 13. Rfb1 Bg4 14. h3 Bh5 15. Ng5 h6 16. Ne4 Nxe4 17. Bxe4 Qe6 18. Bg2 $11 {½-½ Wegerle,J-Volke,K/Germany 2000/CBM 82 ext (29)}) 10... dxe3 $146 ({RR} 10... h6 11. exd4 exd4 12. Bb2 Bc5 13. a3 Bf5 14. Qd2 Qd6 15. h3 Nd7 16. Nh4 Be6 17. f4 Nf6 18. Bxc6 Qxc6 19. b4 Ba7 20. f5 Bd7 21. Nxd4 Qd6 22. Qf4 Qxf4 23. Rxf4 Nh5 24. Rf3 axb4 25. axb4 {Janczarski,M (2202)-Matuszewski,M (2301) Warsaw 2009 0-1 (42)}) 11. Nxe3 Nb4 $5 12. d4 (12. Nxe5 $4 Qd4 $19 {[%cal Rd4a1,Rd4e5]}) 12... exd4 13. Nxd4 Bc5 14. Bb2 $14 {[%csl Gb2,Gg2] Weiß hat eine ausgezeichnete Stellung - seine Läufer stehen gut und er hat ein sehr aktives Figurenspiel, weil Schwarz Probleme mit der Figurenkoordination hat.} Ra6 $1 {[%cal Ga6d6,Gd8d1][%mdl 4] Schwarz bringt seinen Turm durch die 6. Reihe ins Spiel.} 15. a3 (15. Ndf5 Nd3 16. Bc3 (16. Bxf6 Rxf6 17. Be4 Bxf5 (17... Bxe3 18. Nxe3 Nc5 19. Bxh7+ $1 Kxh7 20. Qh5+ $16 {[%cal Rh5c5,Rh5h7]}) 18. Nxf5 Nxf2 $1 $17) 16... Re8) 15... Rd6 16. axb4 Bxd4 17. Bxd4 Rxd4 18. Qe1 axb4 19. Qxb4 b6 (19... c6 20. Ra8 $14 (20. Rfd1 Re8 21. Rxd4 Qxd4 22. Rd1 Qe5 $11)) 20. Ra8 (20. Bc6 Ng4 21. Nxg4 Bxg4 22. Rfe1 Be6 23. Ra8 Qd6 $11) 20... Qd6 21. Qxd6 Rxd6 22. b4 {[%csl Ga8,Gb4,Gc4,Gg2] Nach Vereinfachungen hat Weiß einen kleinen Positionsvorteil, weil er positionellen Druck am Damenflügel hat. Anderseits ist die Bauernstellung symmetrisch und Schwarz hat keine Schwächen.} Be6 23. Ra7 (23. Rfa1 $14) 23... c5 24. bxc5 (24. b5 $14) 24... bxc5 25. Rc7 Rc8 (25... Nd7) 26. Rxc8+ Bxc8 27. Ra1 {[%cal Ra1a8,Ra8g8]} Ra6 28. Rd1 Re6 $4 {Schwarz möchte die weiße Drohung 29.d8+ mit 29...e8 parieren.} (28... Nd7 $2 29. Bb7 (29. Nf5 $18) 29... Bxb7 30. Rxd7 Ra1+ 31. Nf1 $18) (28... Bd7 $1 29. Nd5 Ra7 (29... Nxd5 $2 30. Rxd5 $16) 30. Nxf6+ gxf6 $14) {} 29. Bc6 $3 $18 {[%csl Rc8][%cal Rd1d8,Rd8g8,Rd8c8][%mdl 64] Nach diesem schönen Zug verliert Schwarz eine Figur; er hat keine Verteidigung gegen 30.d8+.} (29. Bc6 Rxc6 30. Rd8+ $18) 1-0

[Event "GRENKE Chess Classic"]
[Site "Karlsruhe, Germany"]
[Date "2024.03.31"]
[Round "10.2"]
[White "Vachier-Lagrave, Maxime"]
[Black "Carlsen, Magnus"]
[Result "1/2-1/2"]
[WhiteElo "2755"]
[BlackElo "2823"]
[Annotator "Stockfish 16"]
[PlyCount "84"]
[EventDate "2024.??.??"]

{[%evp 0,84,27,30,30,-7,26,27,20,-10,13,-5,26,15,4,-1,6,9,36,27,39,40,27,23,39,27,17,14,13,11,19,-14,-18,19,19,2,2,-21,-21,-11,1,1,20,28,23,21,26,12,4,-1,-1,-1,21,17,15,13,21,14,9,6,9,5,5,7,12,8,8,10,9,7,9,9,11,0,0,0,0,0,0,-4,0,0,0,0,0,0,0]} 1. Nf3 Nf6 2. g3 b6 3. Bg2 Bb7 4. b3 g6 5. Bb2 Bg7 6. c4 O-O 7. d4 e6 8. O-O Na6 ({RR} 8... d6 9. Nc3 Ne4 10. Re1 Nd7 11. Qc2 Nxc3 12. Bxc3 Qe7 13. e4 e5 14. d5 a5 15. a3 c6 16. b4 cxd5 17. exd5 Rfc8 18. Qb3 a4 19. Qa2 Bxd5 20. cxd5 Rxc3 21. Nd4 Rac8 22. Nc6 Qg5 23. Rad1 {Injac,T (2457)-Lazaro Azcutia,M (2275) chess.com INT 2025 1-0 (64)}) 9. Nc3 d5 10. e3 $146 ({RR} 10. Ne5 Qe7 11. cxd5 exd5 12. e3 c5 13. Rc1 Rfd8 14. Re1 Nc7 15. a4 Ne6 16. Ba3 Rac8 17. h4 Ne4 18. Ne2 Qf6 19. Nf3 Qf5 20. Nf4 Nxf4 21. exf4 cxd4 22. Nxd4 Rxc1 23. Bxc1 Qd7 24. Be3 Nc5 {Adhiban,B (2603)-Carlsen,M (2859) chess24.com INT 2022 0-1 (40)}) 10... c5 11. Qe2 Qe7 12. cxd5 exd5 13. Rfd1 Rfd8 14. Rac1 Nc7 $6 {Inaccuracy. Nb4 was best.} (14... Nb4 15. Ne5) 15. Ba3 $6 {Inaccuracy. dxc5 was best.} (15. dxc5 bxc5) 15... Ne4 16. Nxe4 dxe4 17. Nd2 Ba6 18. Qe1 Nb5 19. Bb2 cxd4 20. Nxe4 Bb7 21. exd4 Nxd4 22. Nf6+ Bxf6 23. Qxe7 Bxe7 24. Rxd4 Rxd4 25. Bxd4 Rc8 26. Rxc8+ Bxc8 27. Bd5 Kf8 28. f4 Bc5 29. Bxc5+ bxc5 30. Kf2 Ke7 31. Ke3 f6 32. Be4 Kd6 33. Kd2 Be6 34. Kc3 Bf7 35. a3 a5 36. b4 cxb4+ 37. axb4 axb4+ 38. Kxb4 h6 39. Kc3 Kc5 40. h4 g5 41. hxg5 hxg5 42. fxg5 fxg5 1/2-1/2

[Event "NOR-ch"]
[Site "Fredrikstad"]
[Date "2003.07.07"]
[Round "4"]
[White "Ekeberg, Carl Fredrik"]
[Black "Carlsen, Magnus"]
[Result "1/2-1/2"]
[WhiteElo "2226"]
[BlackElo "2385"]
[PlyCount "73"]
[EventDate "2003.07.04"]
[EventType "tourn"]
[EventRounds "9"]
[EventCountry "NOR"]
[SourceTitle "CBM 095 Extra"]
[Source "ChessBase"]
[SourceDate "2003.09.04"]
[SourceVersion "1"]
[SourceVersionDate "2003.09.04"]
[SourceQuality "1"]

1. Nf3 Nf6 2. c4 g6 3. Nc3 d5 4. cxd5 Nxd5 5. e4 Nxc3 6. dxc3 Qxd1+ 7. Kxd1 f6 8. Be3 e5 9. Nd2 Nd7 10. a4 ({RR} 10. Nb3 h5 11. f3 Nb6 12. Kc2 Bd7 13. Nc5 Bc6 14. b3 Bh6 15. Bxh6 Rxh6 16. a4 Ke7 17. Bb5 Nd7 18. Nd3 Nb8 19. Nb4 a5 20. Bxc6 bxc6 21. Nd3 Nd7 22. Rhd1 Rhh8 23. Rd2 Rhd8 24. Rad1 Nb6 {So,W (2778)-Aronian,L (2764) Leuven 2018 ½-½ (38)}) ({RR} 10. Nb3 b6 11. Kc2 a5 12. a4 Bd6 13. f3 Ke7 14. h4 h5 15. Bc4 Ba6 16. Bxa6 Rxa6 17. Rad1 Raa8 18. Rd5 Rhd8 19. Rhd1 Nf8 20. Nd2 Ne6 21. Nc4 Bc5 22. b3 Bxe3 23. Nxe3 c6 24. Rxd8 Rxd8 {Stojanovic,M (2476)-Mattenberger,M (2239) Switzerland SUI 2024 1-0 (53)}) 10... Bc5 11. Nc4 $146 ({RR} 11. a5 Bxe3 12. fxe3 Kf7 13. Kc2 Rd8 14. Be2 Nc5 15. b4 Rxd2+ 16. Kxd2 Nb3+ 17. Kc2 Nxa1+ 18. Rxa1 Bd7 19. c4 h5 20. Bd3 h4 21. Kc3 g5 22. Ra2 g4 23. c5 Kg6 24. Ra1 g3 25. h3 Rd8 {Milosevic,A (2261)-Roganovic,M (2485) Kragujevac 2010 0-1 (32)}) ({RR} 11. Bxc5 Nxc5 12. b4 Ne6 13. a5 Bd7 14. Kc2 Ke7 15. Bc4 Rhd8 16. Rhd1 a6 17. Nb3 Bc6 18. f3 f5 19. exf5 gxf5 20. Rxd8 Rxd8 21. Re1 Kf6 22. Bxe6 Kxe6 23. Nd4+ Kf6 24. Nxc6 bxc6 25. Rd1 Rg8 {Doettling,F (2473)-Navara,D (2433) Aviles 2000 ½-½ (59)}) 11... Bxe3 12. Nxe3 c6 13. Bc4 Nc5 14. f3 a5 15. Kc2 Ke7 16. Rhd1 f5 17. exf5 gxf5 18. g3 f4 19. gxf4 exf4 20. Ng2 Bf5+ 21. Kc1 Rhd8 22. Nxf4 Rxd1+ 23. Kxd1 Rd8+ 24. Ke2 Bc2 25. Rg1 Kd6 26. Bd3 Nxd3 27. Nxd3 Bxa4 28. Rg7 Bb5 29. Ke3 Re8+ 30. Kd4 b6 31. c4 c5+ 32. Kc3 Bc6 33. Rxh7 Bxf3 34. Rh6+ Kc7 35. Rh7+ Kd6 36. Rh6+ Kc7 37. Rh7+ 1/2-1/2

[Event "EU-Cup 24th"]
[Site "Kallithea"]
[Date "2008.10.21"]
[Round "5"]
[White "Carlsen, Magnus"]
[Black "Svidler, Peter"]
[Result "1/2-1/2"]
[WhiteElo "2786"]
[BlackElo "2727"]
[PlyCount "110"]
[EventDate "2008.10.17"]
[EventType "team-swiss"]
[EventRounds "7"]
[EventCountry "GRE"]
[SourceTitle "CBM 127"]
[Source "ChessBase"]
[SourceDate "2008.11.13"]
[SourceVersion "1"]
[SourceVersionDate "2008.11.13"]
[SourceQuality "1"]
[WhiteTeam "Erevan MIKA"]
[BlackTeam "Baden-Baden"]
[WhiteTeamCountry "ARM"]
[BlackTeamCountry "GER"]

1. Nf3 Nf6 2. c4 g6 3. Nc3 d5 4. cxd5 Nxd5 5. Qa4+ Bd7 6. Qh4 Nxc3 7. bxc3 Bg7 8. Rb1 Bc6 9. e4 e6 10. Qxd8+ Kxd8 11. Ng5 Ke8 12. f3 h6 $146 ({RR} 12... Nd7 13. d4 h6 14. Nh3 g5 15. Nf2 b6 16. Be2 Bb7 17. e5 f6 18. exf6 Bxf6 19. O-O Kf7 20. Ne4 Be7 21. Ng3 Raf8 22. f4 Ke8 23. f5 exf5 24. Nxf5 Rxf5 25. Rxf5 Be4 26. Rfb5 c6 27. R5b3 {Heinis,V (2170)-Cmilyte,V (2497) Gibraltar 2009 0-1 (65)}) 13. Nh3 b6 14. d4 Ba4 15. Nf4 c5 16. Bd2 Ke7 17. d5 g5 18. Nh5 Be5 19. g3 exd5 20. exd5 Bc2 21. Rc1 Bg6 22. f4 Bxh5 23. fxe5 Nd7 24. d6+ Ke6 25. Bh3+ g4 26. Bg2 Rad8 27. O-O Nxe5 28. c4 Rxd6 29. Bc3 f6 30. Bd5+ Kd7 31. Rxf6 Rxf6 32. Bxe5 Rhf8 33. Rd1 Kc8 34. Bxf6 Rxf6 35. Rf1 Rxf1+ 36. Kxf1 Kd7 37. Ke2 Kd6 38. Bb7 b5 39. cxb5 Bf7 40. a3 Bc4+ 41. Kd2 Bxb5 42. Kc3 Bc6 43. Bc8 Bd7 44. Bb7 Be6 45. Be4 Ke5 46. Bc6 c4 47. Bb7 h5 48. Bc6 Bf7 49. Bg2 Bd5 50. Bf1 Ke4 51. Bg2+ Ke5 52. Bf1 a6 53. a4 a5 54. Bxc4 Bc6 55. Bf7 Bxa4 1/2-1/2

[Event "Croatia GCT"]
[Site "Zagreb"]
[Date "2019.06.29"]
[Round "4"]
[White "Carlsen, Magnus"]
[Black "Mamedyarov, Shakhriyar"]
[Result "1/2-1/2"]
[WhiteElo "2875"]
[BlackElo "2774"]
[PlyCount "117"]
[EventDate "2019.06.26"]
[EventType "tourn"]
[EventRounds "11"]
[EventCountry "CRO"]
[EventCategory "22"]
[SourceTitle "CBM 191"]
[Source "ChessBase"]
[SourceDate "2019.08.31"]
[SourceVersion "1"]
[SourceVersionDate "2019.08.31"]
[SourceQuality "1"]

1. Nf3 Nf6 2. c4 g6 3. Nc3 d5 4. cxd5 Nxd5 5. h4 Nxc3 6. bxc3 Bg7 7. h5 c5 8. Rb1 ({RR} 8. Qa4+ Nc6 9. Ba3 Qd6 10. d4 b6 11. h6 Bf6 12. e4 Bd7 13. Qc2 e5 14. dxc5 bxc5 15. Rd1 Qe7 16. Rd5 O-O 17. Bxc5 Qe8 18. Bxf8 Kxf8 19. Bb5 a6 20. Be2 Be6 21. Rd2 Qe7 22. Qa4 Qc5 {Yakimova,M (2201)-Tabermakova,L (2082) Barnaul RUS 2025 1-0 (35)}) 8... b6 $146 ({RR} 8... Nc6 9. g3 Qc7 10. Bh3 Bxh3 11. Rxh3 Qd7 12. Rh2 b6 13. Qa4 Rd8 14. Kf1 Ne5 15. Qxd7+ Rxd7 16. Nxe5 Bxe5 17. c4 g5 18. d3 g4 19. Bd2 f5 20. a4 Kd8 21. Kg2 Kc7 22. h6 Rf8 23. Rh5 {Gozzoli,Y (2588)-Bonelli Maestracci,P (2113) Ceyreste FRA 2024 ½-½ (65)}) ({RR} 8... Nc6 9. e3 O-O 10. hxg6 hxg6 11. Qa4 e5 12. Ba3 Re8 13. Bxc5 e4 14. Nd4 Ne5 15. Qc2 b6 16. Ba3 Nd3+ 17. Bxd3 exd3 18. Qd1 Qd7 19. Qf3 Bb7 20. Qg3 Re5 21. f4 Ra5 22. Bb4 Rd5 23. f5 {So,W (2770)-Vachier Lagrave,M (2784) chess24.com INT 2020 1-0 (34)}) ({RR} 8... Nc6 9. e4 Qc7 10. Be2 Bg4 11. h6 Bf6 12. Qa4 O-O 13. O-O Rfd8 14. Re1 a6 15. e5 Nxe5 16. Nxe5 Bxe2 17. Nxf7 Bb5 18. Qe4 Kxf7 19. d4 cxd4 20. cxd4 Qc6 21. Qe3 Rxd4 22. Bb2 Rd7 23. Bxf6 {Rasulov,V (2516)-Rorrer,G (2311) chess.com INT 2023 0-1 (63)}) 9. e4 O-O 10. hxg6 hxg6 11. d4 Bb7 12. Ng5 cxd4 13. Qg4 Nd7 14. Qh3 Nf6 15. e5 Nh5 16. e6 Qd5 17. exf7+ Rxf7 18. Bd3 Qe5+ 19. Kd1 dxc3 20. Nxf7 Kxf7 21. Re1 c2+ 22. Bxc2 Rd8+ 23. Bd2 Qd6 24. Qe3 Nf4 25. Kc1 Bh6 26. Kb2 Rc8 27. Rbc1 e6 28. Kb1 Bxg2 29. Bb3 Rxc1+ 30. Bxc1 Bh3 31. Bb2 Bf5+ 32. Ka1 Bg7 33. Bxg7 Kxg7 34. Rd1 Nd3 35. Bc4 Qe5+ 36. Qxe5+ Nxe5 37. Be2 g5 38. Rc1 Kf6 39. Rc7 Bd3 40. Bxd3 Nxd3 41. Rxa7 Nxf2 42. Rb7 g4 43. Rxb6 g3 44. a4 Ne4 45. Rb1 Nc5 46. a5 Ke5 47. Kb2 Kf4 48. Kc3 g2 49. Kc4 Na6 50. Kb5 Nb8 51. Kc4 Na6 52. Kb5 Nb8 53. Kc4 Na6 54. Rg1 Kg3 55. Kd4 Kf2 56. Rxg2+ Kxg2 57. Ke5 Nc5 58. a6 Nxa6 59. Kxe6 1/2-1/2

[Event "Dos Hermanas Qualifier S18"]
[Site "ICC INT"]
[Date "2005.03.18"]
[Round "9"]
[White "Agrest, Evgenij"]
[Black "Carlsen, Magnus"]
[Result "0-1"]
[WhiteElo "2579"]
[BlackElo "2553"]
[PlyCount "116"]
[EventDate "2005.03.18"]
[EventType "swiss"]
[EventCountry "NET"]
[SourceTitle "EXT 2023"]
[Source "ChessBase"]
[SourceDate "2022.10.05"]
[SourceVersion "1"]
[SourceVersionDate "2022.10.05"]
[SourceQuality "1"]

1. Nf3 Nf6 2. c4 g6 3. Nc3 d5 4. cxd5 Nxd5 5. Qa4+ Bd7 6. Qc2 Nb6 7. d4 Bg7 8. e4 O-O ({RR} 8... Bg4 9. Ne5 Bxe5 10. dxe5 Nc6 11. Bb5 Bd7 12. Bxc6 Bxc6 13. Be3 Qd7 14. Rd1 Qe6 15. O-O Rd8 16. Bd4 Rg8 17. b3 g5 18. Rd2 Rc8 19. Rfd1 Kf8 20. Ne2 Qg6 21. Ng3 e6 22. Nf5 exf5 23. exf5 {Ivanchuk,V (2703)-Howell,D (2614) Kallithea 2009 1-0 (34)}) ({RR} 8... Nc6 9. d5 Ne5 10. Nxe5 Bxe5 11. Bh6 e6 12. dxe6 fxe6 13. g3 Qe7 14. Bg2 O-O-O 15. f4 Bg7 16. Bg5 Bf6 17. Bxf6 Qxf6 18. e5 Qe7 19. Rc1 Qc5 20. Qf2 Qb4 21. O-O Rhf8 22. a3 Qe7 23. a4 {Chittka,J (2319)-Arold,G (2045) Dortmund 2019 1-0 (39)}) 9. h3 Nc6 10. Be3 e5 11. Qd2 $146 ({RR} 11. dxe5 Nxe5 12. Nxe5 Bxe5 13. Be2 Be6 14. O-O Nc4 15. Bxc4 Bxc4 16. Rfd1 Qf6 17. Nd5 Bxd5 18. Rxd5 b6 19. Rad1 c5 20. b3 Rfd8 21. Qd2 Rxd5 22. Qxd5 Re8 23. b4 cxb4 24. Qb5 Qe6 25. Qxb4 Qxa2 {Weiss,C (2402)-Wagener,C (2217) Plovdiv 2003 ½-½}) 11... exd4 12. Nxd4 Ne5 13. b3 c5 14. Nc2 c4 15. Rd1 Rc8 16. Bd4 Re8 17. Be2 Be6 18. f4 Nd3+ 19. Bxd3 cxd3 20. Qxd3 Qc7 21. e5 Bf5 22. Qe2 Red8 23. O-O Bxc2 24. Qxc2 Bf8 25. Kh2 Nd5 26. Rc1 Nb4 27. Qe4 Qc6 28. Qxc6 Rxc6 29. Ne2 Rxc1 30. Rxc1 Nd3 31. Rc7 Nxf4 32. Nxf4 Rxd4 33. g3 Rd2+ 34. Kh1 Rxa2 35. Rxb7 Bc5 36. e6 fxe6 37. Nxe6 Bb6 38. Rg7+ Kh8 39. Rf7 Ra1+ 40. Kg2 Ra2+ 41. Kf1 Ra1+ 42. Ke2 Ra2+ 43. Kd3 Rf2 44. Rxf2 Bxf2 45. g4 Kg8 46. Ke4 Kf7 47. Kd5 Kf6 48. Nf8 Kg7 49. Nd7 Kh6 50. Ke4 Kg5 51. Kf3 Bd4 52. Kg3 h5 53. h4+ Kh6 54. g5+ Kg7 55. Kf3 Kf7 56. Nb8 Ke6 57. Nc6 Bb6 58. Nd8+ Bxd8 0-1